000
00301nam a22001337a 4500
008
170504b xxu||||| |||| 00| 0 eng d
020
_a
9781593455125
041
_a
eng
080
_2
2 ED
_a
34
100
_a
13
101
_a
SHJ
245
_a
EXPLORING CORRECTIONS
_c
WHITEHEAD.J.T
942
_2
udc
_c
BK
999
_c
12639
_d
12639